Elégies antillaises

Uloženo v:
Podrobná bibliografie
Hlavní autor: Guillén, Nicolas
Médium: Kniha
Jazyk:Undetermined
Vydáno: París, Francia Pierre Seghers 1955
Témata:
Tagy: Přidat tag
Žádné tagy, Buďte první, kdo vytvoří štítek k tomuto záznamu!

MARC

LEADER 00000nam a2200000Ia 4500
008 170316s9999 xx 000 0 und d
040 |a cru BVZT 
090 |a 860 G-36e 
100 |a Guillén, Nicolas 
245 |a Elégies antillaises 
260 |a París, Francia 
260 |b Pierre Seghers 
260 |c 1955 
300 |a 93 páginas 
650 |a LITERATURA LATINOAMERICANA 
999 |c 8770  |d 8770 
942 |c 15 D  |h 860 G-36e  |2 z